000 00617nam a2200205 a 4500
999 _c6445
_d6445
003 BD-JhCC
005 20180403184015.0
008 180123s1965 b |||| || | 000 0 b d
035 _a(BD-JhCC)
040 _aBD-JhCC
_dBD-JhCC
041 _aeng
082 _a297.18
_bSHA 1965
100 _aশাহজাহান, সৈয়দ
245 _aহযরত মরিয়ম /
_cসৈয়দ শাহজাহান,
260 _aঢাকা
_bশহীদ পাবলিকেশান,
_c১৯৬৫
300 _a88 p. :
_c19 cm.
650 _aIslami legend
942 _2ddc
_cBK